Projektovanie ekonomických aplikácií

Salvato in:
Dettagli Bibliografici
Autore principale: Čarnický, Štefan
Ente Autore: Vysoká škola ekonomická v Bratislave. Detašované pracovisko Fakulty riadenia v Košiciach
Altri autori: Porvazník, Jozef, Kafková, Eva, Mizla, Martin, 1955-
Natura: Libro
Lingua:slovacco
Pubblicazione: Bratislava Edičné stredisko VŠE 1985
Tags: Aggiungi Tag
Nessun Tag, puoi essere il primo ad aggiungerne!!

MARC

LEADER 00000nam a2200000 4500
001 c108553
005 20240502071315.9
041 0 |a slo 
044 |a SK 
245 1 0 |a Projektovanie ekonomických aplikácií 
264 1 |a Bratislava  |b Edičné stredisko VŠE  |c 1985 
300 |a 155 s. 
100 1 |a Čarnický, Štefan 
700 1 |a Porvazník, Jozef 
700 1 |a Kafková, Eva 
700 1 |a Mizla, Martin, 1955- 
710 2 |a Vysoká škola ekonomická v Bratislave. Detašované pracovisko Fakulty riadenia v Košiciach